La sociología frente al reto de la globalización ideológica

Bewaard in:
Bibliografische gegevens
Hoofdauteur: Romero, Mayra
Formaat: Texto
Gepubliceerd in: San Pedro de M. de O: UCR. FCS. EAS
Tags: Voeg label toe
Geen labels, Wees de eerste die dit record labelt!

MARC

LEADER 00000 a a2200000 04500
001 16613
003
040
090 |a 028200  
100 |a Romero, Mayra  
245 |a La sociología frente al reto de la globalización ideológica  
260 |a San Pedro de M. de O:   |b UCR. FCS. EAS  
300 |a 14 p.  
999 |c 11778  |d 11778